A nave de Noé (Registo nº 818)

Detalhes MARC
000 -Etiqueta do registo
Cabeçalho 00835nam0a2200277 4500
005 - Identificador da versão
Campo de controlo 20240813121816.0
010 ## - Número internacional normalizado dos livros (ISBN)
Número (ISBN) 9722018744
021 ## - Número do Depósito Legal
Código do país PT
Número 155 876/00
100 ## - Dados gerais de processamento
Dados gerais de processamento 20160627d2000 a e0pory5003 ba
102 ## - Pais de publicação ou produção
País de publicação Portugal
101 1# - Língua de publicação
Língua do texto, banda sonora, etc. Português
Língua do documento no original Português
215 ## - Descrição física 
Indicação específica da natureza do documento e extensão da espécie 223 p
200 1# - Titulo e menção de responsabilidade
Título próprio A nave de Noé
Primeira menção de responsabilidade Primos Ramos Amado
Outras menções de responsabilidade o texto deste livro foi adaptado para Portugal por Álvaro B. Marques
225 2# - Colecção 
Título próprio da colecção Minoria absoluta
Indicação de volume 13
205 ## - Menção da edição
Menção da edição 1ª ed
210 ## - Publicação, Distribuição, etc. 
Lugar da edição, distribuição, etc. Lisboa
Nome do editor, distribuidor, etc. Dom Quixote
Data da publicação, distribuição, etc. 2000
518 1# - Título na grafia actualizada
Title Proper, Variant Title or Uniform Title in Standard Modern Spelling <A >n@ve de noé
606 ## - Nome comum usado como assunto
Número de registo de entrada de autoridade 0003031
Palavra de ordem Literatura brasileira
Subdivisão de assunto Correspondência
Código do sistema CA
675 ## - Classificação Decimal Universal (CDU)
Notação 821.134.3(81)-6
Edição 3ª ed.
Língua da edição por
702 #1 - Nome de autor-pessoa física (responsabilidade secundária)
Número de registo de entrada de autoridade 0003034
Palavra de ordem Marques
Outra parte do nome não tomada para palavra de ordem Álvaro B.
Código de função Adaptador
700 #1 - Nome de autor-pessoa física (responsabilidade principal)
Número de registo de entrada de autoridade 0003033
Palavra de ordem Amado
Outra parte do nome não tomada para palavra de ordem Primos Ramos
966 ## - Identificação da Biblioteca
Sigla EB2,3ENM
942 ## - Elementos de entrada adicionados (Koha)
Tipo de item no Koha Livro
Exemplares
Situação do levantamento Origin of item (home branch) (coded) Biblioteca de empréstimo Código de barras Cota Circulation type (not for loan) Tipo de documento Nota do exemplar Damaged status
  Biblioteca Escolar Eng. Nuno Mergulhão Biblioteca Escolar Eng. Nuno Mergulhão BENM1506 82LE-6 AMA   Livro Sem mensagem